Židovská Bratislava [... v rámci projektu VEGA č. 2/6204/27 Vývoj a premeny slovenskej spoločnosti a politiky v rokoch druhej svetovej vojny]

Bibliographic Details
Main Author: Hradská, Katarína, 1956- (Author)
Format: Book
Language:Slovak
PhysicalDescription:247 s. fotogr., ilustr. 21 cm
Published: Bratislava Albert Marenčin Vydavateľstvo PT 2008
ISBN:9788089218806
Edition:1. vyd.
Series:Bratislava - Pressburg
Subjects:

MARC

LEADER 00000cam a2200000 a 4500
001 vtls009465714
003 SK-MaSNL
005 20260425235439.0
008 240315s2008 xo o f 000 0 slo
020 |a 9788089218806  |q (viaz.) 
035 |a 19674168-5B3C-49AC-9AFD-5BFA7AD26A74 
035 |a urn:nbn:sk:snk-amk81s 
035 |a urn:nbn:sk:snk-am008cia 
040 |a SNK  |b slo  |c SNK  |e AACR2 
041 0 |a slo 
043 |a e-xo--- 
044 |a xo  |c SK 
072 7 |a 316.3  |x Globálne spoločnosti. Sociálna štruktúra. Sociálne skupiny  |2 konspekt 
080 |a (=411.16)  |2 2001 
080 |a 26-784  |2 2001 
080 |a 26-774/-775  |2 2001 
080 |a 159.923.2  |2 2001 
080 |a 26-4  |2 2001 
080 |a 26-67  |2 2001 
080 |a 26-726.6-67:27-726.6  |2 2001 
080 |a 322:26  |2 2001 
080 |a 2-6+316.72/.75  |2 2001 
080 |a (437.6)  |2 2001 
080 |a (048.8)  |2 2001 
100 1 |a Hradská, Katarína,  |d 1956-  |4 aut  |9 102751 
245 1 0 |a Židovská Bratislava  |b [... v rámci projektu VEGA č. 2/6204/27 Vývoj a premeny slovenskej spoločnosti a politiky v rokoch druhej svetovej vojny]  |c Katarína Hradská 
250 |a 1. vyd. 
260 |a Bratislava  |b Albert Marenčin Vydavateľstvo PT  |c 2008 
300 |a 247 s.  |b fotogr., ilustr.  |c 21 cm 
490 1 |a Bratislava - Pressburg 
504 |a Bibliogr. s. 246-247 
648 7 |a 11.-20. storočie  |2 SNK  |9 321163 
648 7 |a 14.-20. storočie  |2 SNK  |9 278730 
648 7 |a 11th-20st century  |2 SNKPHeng  |9 538383 
648 7 |a 14th-20st century  |2 SNKPHeng  |9 538384 
650 0 7 |a Židia  |2 SNKPH  |9 3760 
650 0 7 |a židovské komunity  |2 SNKPH  |9 93160 
650 0 7 |a spoločenské postavenie  |2 SNKPH  |9 3881 
650 0 7 |a identita  |2 SNKPH  |9 1664 
650 0 7 |a náboženský život  |2 SNKPH  |9 1995 
650 0 7 |a judaizmus a spoločnosť  |2 SNKPH  |9 182183 
650 0 7 |a Židia a kresťania  |2 SNKPH  |9 306498 
650 0 7 |a judaizmus a politika  |2 SNKPH  |9 120170 
650 0 7 |a Jews  |2 SNKPHeng  |9 267345 
650 0 7 |a Jewish communities  |2 SNKPHeng  |9 312980 
650 0 7 |a Social status  |2 SNKPHeng  |9 405460 
650 0 7 |a Identity  |2 SNKPHeng  |9 319272 
650 0 7 |a Religious life  |2 SNKPHeng  |9 275462 
650 0 7 |a Judaism and society  |2 SNKPHeng  |9 319803 
650 0 7 |a Jews and Christians  |2 SNKPHeng  |9 306500 
650 0 7 |a Judaism and politics  |2 SNKPHeng  |9 538385 
650 0 7 |a židovské obce  |2 SNKPH  |9 246222 
651 7 |a Bratislava (Slovensko)  |2 SNKPHgeo  |9 14568 
651 7 |a Bratislava (Slovakia)  |2 SNKPHeng  |9 171234 
651 7 |a Slovakia  |2 SNKPHeng  |9 92630 
655 7 |a monografie  |2 SNKPH  |9 70139 
655 7 |a Monographs  |2 SNKPHeng  |9 120675 
830 0 |a Bratislava - Pressburg  |9 310617 
919 |a 978-80-89218-80-6 
958 |a ZD 
958 |a NM 
958 |a NB 
968 |d 93/94 
999 |c 829821  |d 831751 
952 |a SNK  |b SNK  |y PREZ  |7 0  |p 17A0623162  |o snkSC 135930  |i snk2009/10149  |8 0  |0 0  |1 0  |4 0  |d 2009-06-05  |l 0  |r 2025-07-02 00:00:00  |w 2026-02-24 
952 |a SNK  |b SNK  |y VYP  |7 0  |p 17A0623163  |o snkSC 135930 D1  |i snk2009/10150  |8 0  |0 0  |1 0  |4 0  |d 2009-06-05  |l 0  |r 2026-02-24 03:34:37  |w 2026-02-24